Review of the barriers to institutional investment in private rented homes[electronic resource] (Record no. 114564)
[ view plain ]
| 000 -LEADER | |
|---|---|
| fixed length control field | 01576cad a22002535a 4500 |
| 001 - CONTROL NUMBER | |
| control field | L157060 |
| 008 - FIXED-LENGTH DATA ELEMENTS--GENERAL INFORMATION | |
| fixed length control field | 120828s2012 xxk f 000 0 eng d |
| 020 ## - INTERNATIONAL STANDARD BOOK NUMBER | |
| International Standard Book Number | 9781409836247 |
| 035 ## - SYSTEM CONTROL NUMBER | |
| System control number | (Sirsi) u157060 |
| 041 0# - LANGUAGE CODE | |
| Language code of text/sound track or separate title | eng |
| 100 1# - MAIN ENTRY--PERSONAL NAME | |
| Personal name | Montague, Adrian |
| 245 00 - TITLE STATEMENT | |
| Title | Review of the barriers to institutional investment in private rented homes[electronic resource] |
| 260 ## - PUBLICATION, DISTRIBUTION, ETC. | |
| Place of publication, distribution, etc. | London |
| Name of publisher, distributor, etc. | DCLG |
| Date of publication, distribution, etc. | 2012 |
| 505 2# - FORMATTED CONTENTS NOTE | |
| Formatted contents note | Background -- Evidence -- Conclusions and recommendations -- Annexe I Terms of reference |
| 520 ## - SUMMARY, ETC. | |
| Summary, etc. | Outlines the findings of Sir Adrian Montague's review of the barriers to institutional investment in private rented sector (prs). Recommendations include local authorities working within existing planning law to encourage prs development schemes to meet local needs, publishing information on use of released public land for prs schemes, better regulation within the sector, the establishment of a dedicated Task Force focused on prs and new standards relating to quality levels of energy efficiency, sustainability, maintenance and management. Concludes there is potential for investment in large scale prs development schemes which would boost housing supply and increase choice for tenants. |
| 590 ## - LOCAL NOTE (RLIN) | |
| Local note | KA NTK |
| 650 24 - SUBJECT ADDED ENTRY--TOPICAL TERM | |
| Topical term or geographic name entry element | HOUSING STRATEGY |
| 650 24 - SUBJECT ADDED ENTRY--TOPICAL TERM | |
| Topical term or geographic name entry element | MONTAGUE REVIEW |
| 651 #4 - SUBJECT ADDED ENTRY--GEOGRAPHIC NAME | |
| Geographic name | United Kingdom |
| Chronological subdivision | |
| 690 ## - LOCAL SUBJECT ADDED ENTRY--TOPICAL TERM (OCLC, RLIN) | |
| Topical term or geographic name as entry element | Residential property |
| 9 (RLIN) | 6266 |
| 690 ## - LOCAL SUBJECT ADDED ENTRY--TOPICAL TERM (OCLC, RLIN) | |
| Topical term or geographic name as entry element | Investments |
| 9 (RLIN) | 6250 |
| 856 40 - ELECTRONIC LOCATION AND ACCESS | |
| Uniform Resource Identifier | <a href="https://www.communities.gov.uk/documents/housing/pdf/2204242.pdf">https://www.communities.gov.uk/documents/housing/pdf/2204242.pdf</a> |
| Public note | View the item free of charge from the www.communities.gov.uk website |
| 942 ## - ADDED ENTRY ELEMENTS (KOHA) | |
| Suppress in OPAC | 0 |
| Withdrawn status | Lost status | Source of classification or shelving scheme | Damaged status | Not for loan | Home library | Current library | Shelving location | Date acquired | Total Checkouts | Full call number | Barcode | Date last seen | Copy number | Price effective from | Koha item type |
|---|---|---|---|---|---|---|---|---|---|---|---|---|---|---|---|
| Dewey Decimal Classification | Virtual | Virtual | Online | 28/08/2012 | ONLINE PUBLICATION | 157060-2001 | 06/08/2019 | 1 | 06/08/2019 | Book |